00479 2200193 4500001002100000005001500021008004100036020002200077035001900099041000700118082001000125090001600135100001300151245002700164260002500191300002800216500001100244650003000255INLIS00000000000329720241224112709241224||||||||| | ||| |||| || |  a978-602-8728-34-8 0010-1224003297 aid0 a923.1 a923.1 MHA j0 aM. Hamid00aJejak Sang Guru Bangsa bGalang Pustakac2014 a156 hlm.; ilus.: 200 mm aCet. 1 0aIlmu Sejarah dan Biografi